| 000 | 00903nam a2200253 a 4500 | ||
|---|---|---|---|
| 001 | 51316 | ||
| 003 | BD-RjUL | ||
| 005 | 20211209075636.0 | ||
| 008 | 160830s1966 gw b 000 0 ger | ||
| 035 | _a(BD-RjUL)51436 | ||
| 040 |
_aDLC _cPPT _dBD-RjUL _dDLC _beng |
||
| 041 | _aeng | ||
| 082 |
_223 _a510 _bBAH 1966 |
||
| 100 | 1 |
_aBauer, Heinz _d1928- _9153470 |
|
| 245 | 1 | 0 |
_aHarmonische Raume und ihre Potentialtheorie : _bAusarbeitung einer im Sommersemester 1965 an der Universitat Hamburg gehaltenen Vorlesung / _cHeinz Bauer |
| 260 |
_aBerlin ; _aNew York : _bSpringer-Verlag, _c1966 |
||
| 300 |
_a175 p. ; _c28 cm. |
||
| 490 | 1 |
_aLecture notes in mathematics, _v22 |
|
| 504 | _aBibliography: p. 165-166. | ||
| 650 | 0 |
_aHarmonic functions. _9153396 |
|
| 650 | 0 |
_aPotential theory (Mathematics) _9153471 |
|
| 830 | 0 |
_aLecture notes in mathematics (Springer-Verlag) ; _v22. _9153480 |
|
| 942 |
_2ddc _cBK |
||
| 999 |
_c51316 _d51316 |
||